Catálogo Biblioteca Central

El procedimiento de despido colectivo tras la Ley 3/2012, de 6 de julio, de medidas urgentes para la reforma del mercado laboral (Registro nro. 192143)

Detalles MARC
000 -CABECERA
campo de control de longitud fija 00949naa a22002177i 4500
001 - NÚMERO DE CONTROL
campo de control 192143
003 - IDENTIFICADOR DEL NÚMERO DE CONTROL
campo de control ES-MaBCM
005 - FECHA Y HORA DE LA ÚLTIMA TRANSACCIÓN
campo de control 20230228070144.0
008 - CÓDIGOS DE INFORMACIÓN DE LONGITUD FIJA
campo de control de longitud fija 121213b2012 spa||||| |||| 00| 0 spa d
021 ## -
-- xx
035 ## - NÚMERO DE CONTROL DEL SISTEMA
Número de control de sistema (OCoLC)1293083031
040 ## - FUENTE DE LA CATALOGACIÓN
Centro transcriptor ES-MaBCM
100 ## - PUNTO DE ACCESO PRINCIPAL - NOMBRE DE PERSONA
9 (RLIN) 34454
Nombre de persona Orellana Cano, Ana María
245 ## - MENCIÓN DE TÍTULO
Título El procedimiento de despido colectivo tras la Ley 3/2012, de 6 de julio, de medidas urgentes para la reforma del mercado laboral
Mención de responsabilidad etc. Ana María Orellana Cano
520 ## - SUMARIO, ETC.
Sumario etc. A continuación "Glosa judicial. Despido colectivo: nulidad de la decisión empresarial y legitimación suficiente. (Comentario a la STSJ de Cataluña, de 23 de mayo de 2012)" de Mª Luz García Paredes, p. 1854-1860
650 #7 - PUNTO DE ACCESO ADICIONAL DE MATERIA--TÉRMINO DE MATERIA
Término de materia o nombre geográfico como elemento inicial Despido colectivo
9 (RLIN) 58390
655 #4 - TÉRMINO DE INDIZACIÓN--GÉNERO/FORMA
Datos o término principal de género/forma Legislación comentada
9 (RLIN) 115338
651 #4 - PUNTO DE ACCESO ADICIONAL DE MATERIA--NOMBRE GEOGRÁFICO
Nombre geográfico España
9 (RLIN) 115342
773 0# - ENLACE AL DOCUMENTO FUENTE
Encabezamiento principal En
Lugar editor y fecha de publicación Madrid
Parte(s) relacionada(s) N. 17-18 (oct. 2012), p. 1854-1860
Título Actualidad laboral
Número de control del registro relacionado 104211
942 ## - ELEMENTOS DE PUNTO DE ACCESO ADICIONAL (KOHA)
Fuente del sistema de clasificación o colocación Universal Decimal Classification
Tipo de ítem Koha Artículos de revistas
Existencias
Estado de retiro Estado de pérdida Fuente del sistema de clasificación o colocación Estado dañado No para préstamo Localización permanente Ubicación/localización actual Fecha de adquisición Fecha visto por última vez Precio válido a partir de Tipo de ítem Koha
    Universal Decimal Classification     Biblioteca Central del Ministerio de la Presidencia Biblioteca Central del Ministerio de la Presidencia 13/12/2012 13/12/2012 13/12/2012 Artículos de revistas